| 000 | 00459nam a2200181Ia 4500 | ||
|---|---|---|---|
| 008 | 220531s9999 xx 000 0 und d | ||
| 041 | _aeng | ||
| 082 | _bSHI | ||
| 100 |
_aShinde, D. B. &. Others _966531 |
||
| 245 | _aAuditing And Taxation (auditing) T.y.b.com. | ||
| 250 | _a1ST | ||
| 260 |
_aPune _bIDOL Publications _c2014 |
||
| 300 | _a5.18 | ||
| 542 | _d07-08-2014 | ||
| 650 |
_aAuditing _966532 |
||
| 906 |
_d2014-2015 _f867 |
||
| 999 |
_c37591 _d37591 |
||